It looks like you're offline.
Open Library logo
additional options menu

MARC record from Internet Archive

LEADER: 00899cam a22002654a 4500
001 2002067173
003 DLC
005 20030326164524.0
008 020402s2003 nyua 000 0 eng
010 $a 2002067173
020 $a0071378146 (pbk. : alk. paper)
040 $aDLC$cDLC$dDLC
042 $apcc
050 10 $aRD37.2$b.W37 2003
082 00 $a617/.0076$221
245 00 $aAppleton & Lange review of surgery /$cSimon Wapnick ... [et al.].
246 3 $aAppleton and Lange review of surgery
246 30 $aReview of surgery
250 $a4th ed.
260 $aNew York :$bMcGraw-Hill,$cc2003.
300 $axi, 297 p. :$bill. ;$c28 cm.
650 0 $aSurgery$vExaminations, questions, etc.
700 1 $aWapnick, Simon.
856 41 $3Table of contents$uhttp://www.loc.gov/catdir/toc/mh031/2002067173.html
856 42 $3Publisher description$uhttp://www.loc.gov/catdir/description/mh024/2002067173.html